Apología del tomo primero de loa historia general profética de la orden de Nuestra Señora del Carmen

Detalles Bibliográficos
Autor principal: SANTA MARIA, Francisco de ( Fray )
Formato: Libro
Publicado: Valencia 1643
Materias:
Colección:Banco de datos
Acervo:Biblioteca del Museo Regional de Querétaro. INAH. Querétaro
Tema general:Religiosos
Notas:Regular. 2E5, 28. Ex libris manuscrito del Convento del Carmen
LEADER 00784nam a22001930004500
035 |a 20674 
036 |a 584 
100 1 |a SANTA MARIA, Francisco de ( Fray ) 
245 1 0 |a Apología del tomo primero de loa historia general profética de la orden de Nuestra Señora del Carmen 
260 |a Valencia  |b Herederos de Crisóstomo Garriz  |c 1643 
500 |a Regular. 2E5, 28. Ex libris manuscrito del Convento del Carmen 
650 1 0 |a Religiosos 
949 |a C.R.Q. 
959 |a Ex convento Grande de San Francisco de la ciudad de Querétaro, Museo Regional de Querétaro  |b CCC2 
960 |a Convento de Santa Teresa de la ciudad de Querétaro  |b DD97 
961 |a Carmelita  |b OCM 
942 |c C.R.Q. 
943 |g Biblioteca del Museo Regional de Querétaro. INAH. Querétaro 
999 |c 976990  |d 976990